| 000 | 00782nam a2200289Ia 4500 | ||
|---|---|---|---|
| 005 | 20251020182448.0 | ||
| 008 | 200515s9999 xx 000 0 und d | ||
| 020 | _a978-958-762-050-4 | ||
| 082 | _a614.825/V19 | ||
| 100 | _aValencia Vanegas, Ferney | ||
| 245 | 0 | _aRiesgos eléctricos : Prevención y protección de accidentes | |
| 250 | _a1a ed. | ||
| 260 | _aBogotá, D.C. | ||
| 260 | _bEdiciones de la U | ||
| 260 | _c2012 | ||
| 300 | _a302 | ||
| 300 | _bil., tbl. | ||
| 490 | _aAdministración en salud | ||
| 500 | _a1 ejemplar | ||
| 650 | _aNORMATIVIDAD | ||
| 650 | _aPRECAUCIONES Y NORMAS | ||
| 650 | _aPREVENCION DE ACCIDENTES DE ORIGEN ELECTRICO | ||
| 650 | _aPRIMEROS AUXILIOS | ||
| 650 | _aPROTECCION DE ACCIDENTES | ||
| 942 | _cLIB | ||
| 999 |
_c758 _d758 |
||